Fantasy and symbol : studies in anthropological interpretation
Saved in:
| Other Authors: | |
|---|---|
| Format: | Book |
| Language: | English |
| Published: |
London :
Academic Press,
1979
|
| Series: | Studies in anthropology (Academic Press)
|
| Subjects: | |
| Tags: |
Add Tag
No Tags, Be the first to tag this record!
|
MARC
| LEADER | 00000nam a2200000 i 4500 | ||
|---|---|---|---|
| 001 | 1/69634 | ||
| 008 | 981110s1979 eng d | ||
| 020 | |a 0-12-355480-2 | ||
| 035 | |l 10030423 | ||
| 040 | |a GR-MY-UA |b gre |e aacr | ||
| 041 | 0 | |a eng | |
| 082 | 0 | |a 306.4 | |
| 245 | 1 | 0 | |a Fantasy and symbol : |b studies in anthropological interpretation / |c edited by R. H. Hook |
| 260 | |a London : |b Academic Press, |c 1979 | ||
| 300 | |a 304 p. | ||
| 490 | 1 | |a Studies in anthropology (Academic Press) | |
| 500 | |a Published in honour of G. Devereux | ||
| 504 | |a Includes bibliographies and index | ||
| 600 | 1 | 0 | |a Devereux George |d 1908- |
| 650 | 0 | 0 | |a Symbolism. |
| 650 | 0 | 0 | |a Ethnopsychology. |
| 650 | 0 | 0 | |a Psychoanalysis. |
| 650 | 0 | 0 | |a Speeches, addresses, etc. |
| 700 | 1 | |a Hook, R. H. |4 edt | |
| 830 | 0 | |a Studies in anthropology (Academic Press) | |
| 852 | |a INST |b LESVOS |e 19981110 |h 306.4 FAN |p 005100017685 |q 005100017685 |t BK |y 0 | ||
| 901 | |a BIBL-1999-1 | ||
| 909 | |a Λ |b 059993 | ||
| 922 | |a 1ΕΛΗ |b 199810 |c ΚΠΣ/ΤΚΑ |d ΠΑΠΑΣΩΤΗΡΙΟΥ | ||
| 950 | |a 117-1998-07-12 | ||